[Event "?"]
[Site "?"]
[Date "????.??.??"]
[Round "?"]
[White "Daler, Neset"]
[Black "Leblanc, Paul"]
[Result "0-1"]
[WhiteElo "2068"]
[BlackElo "1884"]
[Annotator "7-23"]
[PlyCount "90"]
[SourceDate "2004.08.13"]

1. g3 d5 2. Bg2 Nf6 3. Nf3 Bf5 4. O-O e6 5. d3 h6 6. Nbd2 Nbd7 7. c4 c6 8. Re1
Bc5 9. Nb3 Bb4 10. Bd2 Bxd2 11. Qxd2 O-O 12. cxd5 exd5 13. Qb4 Qb6 14. Qf4 Bh7
15. g4 Rae8 16. g5 hxg5 17. Nxg5 Bg6 18. e4 Ne5 19. Rad1 d4 20. Nf3 Nxf3+ 21.
Bxf3 Nd7 22. e5 c5 23. Bd5 Qc7 24. Qg3 Rxe5 25. Rxe5 Qxe5 26. Qxe5 Nxe5 27.
Nxc5 b6 28. Ne4 Bh5 29. Rc1 Nxd3 30. Rc4 Ne5 31. Rc1 Rd8 32. Bb3 d3 33. f4 Nf3+
34. Kf2 Nxh2 35. Rh1 Bg6 36. Rxh2 Bxe4 37. Ke3 Bf5 38. Rd2 Re8+ 39. Kf3 b5 40.
a4 a6 41. a5 Bg6 42. Bd5 Kf8 43. Rh2 Kg8 44. Bb7 Re6 45. Kg4 Re2 0-1